00913nam a2200193 a 450000100100000000500170001000800410002704000250006808200150009310000390010824501040014726001010025130000210035249000300037359000760040383000370047995201860051699900170070200003583620200930074642.0111115s1950 mx 000 0 spa d aDO-SdBNPbspacBNPHU axxxbM538t1 aMendieta y Núñez, Lucio96180810aTeoría de los agrupamientos sociales :b(La mecanización social) /cLucio Mendieta y Núñez. aMéxico :bBiblioteca de ensayos sociológicos ;bIntituto de Investigaciones Sociales,c1950. a256 p. ;c18 cm.1 aCuadernos de sociología aPerteneció a la biblioteca personal de Juan Isidro Jimenes Grullón. 0aCuadernos de sociología961809 001050718RVaGRbGRcCTd2011-11-15iLF1l0oxxx M538tp35836-10r2020-06-25w2020-06-25y1zPerteneció a la biblioteca personal de Juan Isidro Jimenes- GrullónZNo se presta c35327d35327